00388nam a2200145Ia 4500100002000000942000700020654001300027245003000040260001700070082002000087300000800107546001200115999001700127952009800144 aPodlin/ Sharon  cBK acomputer aHands on Visual Basic 6 bB.P.B.c2000 a005.133'U'bPOD a448 aENGLISH c28723d28723 001040708CRCaCRCEbCRCEd2023-03-17l0o005.133'U' PODp11468r2023-03-17w2023-03-17yBK